| 000 | 00463nam a22001577a 4500 | ||
|---|---|---|---|
| 005 | 20260430123335.0 | ||
| 008 | 260430b |||||||| |||| 00| 0 eng d | ||
| 020 | _qhbk | ||
| 041 | _aeng | ||
| 082 | _a349.5403 PRO.3 | ||
| 245 |
_aProfessional's encyclopedia of important Central Acts & Rules _bCouncil Of India to Cantonments _nvol. 3 |
||
| 260 |
_aDelhi _bProfessional Book Publishers _c2010 |
||
| 300 |
_a925p. : _c25cm |
||
| 504 | _aindex | ||
| 942 | _cENGLISH | ||
| 999 |
_c621655 _d621655 |
||